[Event "23rd Hoogeveen Open 2019"]
[Site "Hoogeveen"]
[Date "2019.10.25"]
[Round "8.35"]
[White "Klaren, Duncan"]
[Black "Merkon, Oseb"]
[Result "0-1"]
[WhiteElo "1923"]
[BlackElo "1930"]
[Annotator "NA"]
[PlyCount "80"]
[EventDate "2019.10.19"]
[EventType "swiss"]
[EventCountry "NED"]
[SourceTitle "playchess.com"]
[Source "ChessBase"]
[SourceQuality "1"]
[TimeControl "40/5400+30:1800+30"]

1. e4 {[%emt 1:12:40]} c5 {[%emt 0:00:00]} 2. Nf3 {[%emt 0:00:00]} Nc6 {[%emt 0:00:00]} 3. Nc3 {[%emt 0:00:00]} e5 {[%emt 0:00:00]} 4. Bc4 {[%emt 0:00:00]} d6 {[%emt 0:00:00]} 5. d3 {[%emt 0:00:00]} Be7 {[%emt 0:00:09]} 6. Nd2 {[%emt 0:00:00]} Nf6 {[%emt 0:00:47]} 7. Nf1 {[%emt 0:00:00]} Bg4 {[%emt 0:00:30]} 8. f3 {[%emt 0:00:00]} Be6 {[%emt 0:00:05]} 9. Ne3 {[%emt 0:00:00]} a6 {[%emt 0:01:30]} 10. a4 {[%emt 0:00:00]} Nd4 {[%emt 0:01:20]} 11. O-O {[%emt 0:00:00]} Rb8 {[%emt 0:07:16]} 12. a5 {[%emt 0:00:00]} Nc6 {[%emt 0:07:06]} 13. Ned5 {[%emt 0:00:00]} Nxa5 {[%emt 0:13:06]} 14. Ba2 {[%emt 0:00:00]} Nc6 {[%emt 0:02:45]} 15. f4 {[%emt 0:00:00]} exf4 {[%emt 0:01:54]} 16. Bxf4 {[%emt 0:00:00]} h6 {[%emt 0:14:17]} 17. Qf3 {[%emt 0:00:00]} Nd4 {[%emt 0:05:28]} 18. Qf2 {[%emt 0:00:00]} Rc8 {[%emt 0:17:52]} 19. Rae1 {[%emt 0:00:00]} Ng4 {[%emt 0:02:55]} 20. Qd2 {[%emt 0:00:00]} Bg5 {[%emt 0:01:57]} 21. h3 {[%emt 0:00:00]} Ne5 {[%emt 0:01:23]} 22. Ne2 {[%emt 0:00:00]} Nxe2+ {[%emt 0:00:41]} 23. Qxe2 {[%emt 0:00:00]} Bxf4 {[%emt 0:01:08]} 24. Rxf4 {[%emt 0:00:00]} Qg5 {[%emt 0:02:49]} 25. Ref1 {[%emt 0:00:00]} Bxh3 {[%emt 0:06:12]} 26. Nb6 {[%emt 0:00:00]} Rc6 {[%emt 0:00:22]} 27. Nc4 {[%emt 0:00:00]} Nxc4 {[%emt 0:04:47]} 28. Bxc4 {[%emt 0:00:00]} f6 {[%emt 0:00:22]} 29. Bd5 {[%emt 0:00:00]} Rc7 {[%emt 0:00:50]} 30. c3 {[%emt 0:00:00]} Re7 {[%emt 0:01:35]} 31. Qf3 {[%emt 0:00:00]} Bc8 {[%emt 0:00:56]} 32. d4 {[%emt 0:00:00]} h5 {[%emt 0:01:08]} 33. dxc5 {[%emt 0:00:00]} dxc5 {[%emt 0:00:18]} 34. Qf2 {[%emt 0:00:00]} b6 {[%emt 0:00:26]} 35. Bc6+ {[%emt 0:00:00]} Kf7 {[%emt 0:02:35]} 36. Rd1 {[%emt 0:01:24]} Be6 {[%emt 0:01:13]} 37. Bd5 {[%emt 0:01:40]} Rhe8 {[%emt 0:01:10]} 38. Rf5 {[%emt 0:01:26]} Qg4 {[%emt 0:00:27]} 39. Rf1 {[%emt 0:00:03]} Bxd5 {[%emt 0:01:00]} 40. exd5 {[%emt 0:00:09]} Re2 {[%emt 0:00:34]} 0-1

[Event "23rd Hoogeveen Open 2019"]
[Site "Hoogeveen"]
[Date "2019.10.19"]
[Round "9"]
[White "Pruijssers, Roeland"]
[Black "De Boer, Bas"]
[Result "1-0"]
[WhiteElo "2550"]
[BlackElo "2142"]
[Annotator "ChessBase"]
[PlyCount "75"]
[EventDate "2019.10.19"]
[EventType "swiss"]
[EventCountry "NED"]
[SourceTitle "playchess.com"]
[Source "ChessBase"]
[SourceQuality "1"]
[TimeControl "40/5400+30:1800+30"]

1. e4 {[%emt 0:00:00]} e5 {[%emt 0:00:00]} 2. Nf3 {[%emt 0:00:00]} Nf6 {[%emt 0:00:00]} 3. d3 {[%emt 0:00:31]} Nc6 {[%emt 0:00:57]} 4. Be2 {[%emt 0:00:06]} Bc5 {[%emt 0:04:23]} 5. O-O {[%emt 0:01:11]} O-O {[%emt 0:00:07]} 6. c3 {[%emt 0:00:03]} d5 {[%emt 0:04:13]} 7. Nbd2 {[%emt 0:00:36]} Re8 {[%emt 0:06:52]} 8. b4 {[%emt 0:01:54]} Bf8 {[%emt 0:03:50]} 9. Bb2 {[%emt 0:00:39]} dxe4 {[%emt 0:05:11]} 10. dxe4 {[%emt 0:01:27]} Bg4 {[%emt 0:00:53]} 11. h3 {[%emt 0:06:07]} Bh5 {[%emt 0:00:17]} 12. Qc2 {[%emt 0:04:58]} Bg6 {[%emt 0:03:22]} 13. Rad1 {[%emt 0:04:27]} a5 {[%emt 0:06:15]} 14. a3 {[%emt 0:04:33]} Bd6 {[%emt 0:01:20]} 15. Rfe1 {[%emt 0:01:49]} axb4 {[%emt 0:04:05]} 16. axb4 {[%emt 0:01:07]} Qe7 {[%emt 0:05:26]} 17. Nh4 {[%emt 0:03:27]} Nh5 {[%emt 0:06:57]} 18. Nxg6 {[%emt 0:07:11]} hxg6 {[%emt 0:00:07]} 19. Nc4 {[%emt 0:01:41]} Nf4 {[%emt 0:02:52]} 20. Bf1 {[%emt 0:02:08]} g5 {[%emt 0:05:48]} 21. Ne3 {[%emt 0:03:42]} Qe6 {[%emt 0:03:15]} 22. Kh2 {[%emt 0:07:19]} Qg6 {[%emt 0:05:17]} 23. g3 {[%emt 0:02:31]} Ne6 {[%emt 0:00:24]} 24. Nf5 {[%emt 0:05:11]} Bf8 {[%emt 0:00:19]} 25. Bc4 {[%emt 0:00:41]} Qh5 {[%emt 0:03:46]} 26. Be2 {[%emt 0:03:59]} Qh7 {[%emt 0:00:31]} 27. Kg2 {[%emt 0:01:10]} Ne7 {[%emt 0:05:01]} 28. Rh1 {[%emt 0:03:17]} Ng6 {[%emt 0:04:25]} 29. Bc1 {[%emt 0:05:37]} Be7 {[%emt 0:01:59]} 30. Bg4 {[%emt 0:02:49]} Bf6 {[%emt 0:00:29]} 31. Qe2 {[%emt 0:00:30]} Ra1 {[%emt 0:04:34]} 32. Qb5 {[%emt 0:01:20]} Rb8 {[%emt 0:00:31]} 33. Be3 {[%emt 0:03:44]} Ra2 {[%emt 0:01:49]} 34. Qc4 {[%emt 0:01:55]} Rba8 {[%emt 0:00:23]} 35. Qd5 {[%emt 0:07:37]} b6 {[%emt 0:03:50]} 36. Qc6 {[%emt 0:02:23]} R8a3 {[%emt 0:02:54]} 37. Qe8+ {[%emt 0:01:20]} Nef8 {[%emt 0:00:23]} 38. Rd7 {[%emt 0:00:51]} 1-0

[Event "23rd Hoogeveen Open 2019"]
[Site "Hoogeveen"]
[Date "2019.10.19"]
[Round "9"]
[White "Ernst, Sipke"]
[Black "Van Foreest, Machteld"]
[Result "1-0"]
[WhiteElo "2523"]
[BlackElo "2142"]
[Annotator "ChessBase"]
[PlyCount "111"]
[EventDate "2019.10.19"]
[EventType "swiss"]
[EventCountry "NED"]
[SourceTitle "playchess.com"]
[Source "ChessBase"]
[SourceQuality "1"]
[TimeControl "40/5400+30:1800+30"]

1. d4 {[%emt 0:00:00]} Nf6 {[%emt 0:00:00]} 2. c4 {[%emt 0:01:01]} e6 {[%emt 0:00:00]} 3. g3 {[%emt 0:00:23]} d5 {[%emt 0:00:00]} 4. Nf3 {[%emt 0:00:07]} Bb4+ {[%emt 0:00:23]} 5. Bd2 {[%emt 0:00:12]} Be7 {[%emt 0:00:13]} 6. Bg2 {[%emt 0:00:05]} c6 {[%emt 0:00:28]} 7. Qc2 {[%emt 0:01:31]} b6 {[%emt 0:00:40]} 8. O-O {[%emt 0:00:39]} Ba6 {[%emt 0:01:10]} 9. Ne5 {[%emt 0:11:07]} Nfd7 {[%emt 0:06:06]} 10. cxd5 {[%emt 0:00:10]} cxd5 {[%emt 0:06:19]} 11. Bf4 {[%emt 0:00:29]} O-O {[%emt 0:05:00]} 12. Nc3 {[%emt 0:02:25]} Nxe5 {[%emt 0:12:31]} 13. Bxe5 {[%emt 0:00:05]} Qd7 {[%emt 0:01:47]} 14. Rac1 {[%emt 0:02:50]} Rc8 {[%emt 0:01:20]} 15. Bf4 {[%emt 0:00:46]} Nc6 {[%emt 0:02:49]} 16. Qa4 {[%emt 0:00:32]} Nb8 {[%emt 0:19:15]} 17. Qd1 {[%emt 0:00:11]} Nc6 {[%emt 0:00:26]} 18. Re1 {[%emt 0:02:27]} f5 {[%emt 0:06:09]} 19. Qa4 {[%emt 0:01:02]} Bb7 {[%emt 0:01:32]} 20. h4 {[%emt 0:00:29]} a6 {[%emt 0:08:37]} 21. Qd1 {[%emt 0:02:33]} Bf6 {[%emt 0:04:49]} 22. e3 {[%emt 0:00:41]} Re8 {[%emt 0:03:43]} 23. Na4 {[%emt 0:01:07]} Bd8 {[%emt 0:04:45]} 24. b3 {[%emt 0:02:15]} Ne7 {[%emt 0:05:26]} 25. Qd2 {[%emt 0:01:49]} Bc6 {[%emt 0:00:50]} 26. Nb2 {[%emt 0:00:09]} Ng6 {[%emt 0:01:11]} 27. Bg5 {[%emt 0:00:07]} Bxg5 {[%emt 0:00:41]} 28. hxg5 {[%emt 0:00:07]} Rac8 {[%emt 0:00:11]} 29. Qb4 {[%emt 0:03:27]} Qd8 {[%emt 0:03:30]} 30. f4 {[%emt 0:00:39]} a5 {[%emt 0:00:03]} 31. Qd2 {[%emt 0:00:14]} Bb5 {[%emt 0:01:09]} 32. Rxc8 {[%emt 0:00:23]} Qxc8 {[%emt 0:00:02]} 33. Rc1 {[%emt 0:00:08]} Qd7 {[%emt 0:00:10]} 34. Bf1 {[%emt 0:10:01]} Bxf1 {[%emt 0:01:43]} 35. Kxf1 {[%emt 0:00:05]} Ne7 {[%emt 0:01:16]} 36. Nd3 {[%emt 0:00:15]} Qb5 {[%emt 0:02:28]} 37. Ke1 {[%emt 0:03:11]} Nc8 {[%emt 0:00:41]} 38. Ne5 {[%emt 0:03:23]} Nd6 {[%emt 0:00:12]} 39. Qc3 {[%emt 0:05:21]} Nf7 {[%emt 0:01:16]} 40. a4 {[%emt 0:00:46]} Qa6 {[%emt 0:00:30]} 41. Qc6 {[%emt 0:32:18]} Qa8 {[%emt 0:13:35]} 42. Qxa8 {[%emt 0:00:00]} Rxa8 {[%emt 0:00:03]} 43. Rc6 {[%emt 0:00:00]} Nxe5 {[%emt 0:10:05]} 44. dxe5 {[%emt 0:00:00]} Kf7 {[%emt 0:00:56]} 45. Rxb6 {[%emt 0:00:00]} Ra7 {[%emt 0:00:11]} 46. Ke2 {[%emt 0:00:00]} Ke7 {[%emt 0:02:01]} 47. Kd3 {[%emt 0:00:00]} Kd7 {[%emt 0:00:15]} 48. Rb8 {[%emt 0:00:00]} g6 {[%emt 0:01:15]} 49. Kd4 {[%emt 0:00:00]} Kc6 {[%emt 0:02:40]} 50. Rd8 {[%emt 0:00:00]} Rb7 {[%emt 0:00:13]} 51. Rd6+ {[%emt 0:00:00]} Kc7 {[%emt 0:00:03]} 52. Rxe6 {[%emt 0:00:00]} Rxb3 {[%emt 0:00:06]} 53. Kxd5 {[%emt 0:00:00]} Rxe3 {[%emt 0:01:19]} 54. Re7+ {[%emt 0:00:00]} Kd8 {[%emt 0:00:19]} 55. Rxh7 {[%emt 0:00:00]} Rxg3 {[%emt 0:01:55]} 56. Ke6 {[%emt 0:00:00]} 1-0

[Event "23rd Hoogeveen Open 2019"]
[Site "Hoogeveen"]
[Date "2019.10.19"]
[Round "9"]
[White "Schoppen, Casper"]
[Black "Van der Velde, Henk"]
[Result "1-0"]
[WhiteElo "2508"]
[BlackElo "2118"]
[Annotator "ChessBase"]
[PlyCount "75"]
[EventDate "2019.10.19"]
[EventType "swiss"]
[EventCountry "NED"]
[SourceTitle "playchess.com"]
[Source "ChessBase"]
[SourceQuality "1"]
[TimeControl "40/5400+30:1800+30"]

1. e4 {[%emt 0:00:00]} c6 {[%emt 0:00:00]} 2. d4 {[%emt 0:00:00]} d5 {[%emt 0:00:00]} 3. e5 {[%emt 0:00:00]} Bf5 {[%emt 0:00:03]} 4. Nd2 {[%emt 0:00:31]} e6 {[%emt 0:00:27]} 5. Nb3 {[%emt 0:00:07]} Nd7 {[%emt 0:03:53]} 6. Nf3 {[%emt 0:00:39]} Ne7 {[%emt 0:03:45]} 7. Be2 {[%emt 0:00:26]} Ng6 {[%emt 0:01:47]} 8. O-O {[%emt 0:00:18]} f6 {[%emt 0:09:21]} 9. Ne1 {[%emt 0:00:35]} h5 {[%emt 0:34:10]} 10. f4 {[%emt 0:01:09]} h4 {[%emt 0:09:15]} 11. c3 {[%emt 0:06:35]} Qb6 {[%emt 0:03:56]} 12. Bg4 {[%emt 0:20:54]} Ne7 {[%emt 0:11:06]} 13. Nd3 {[%emt 0:05:00]} Bxg4 {[%emt 0:05:04]} 14. Qxg4 {[%emt 0:00:19]} f5 {[%emt 0:00:13]} 15. Qh3 {[%emt 0:00:37]} Ng6 {[%emt 0:01:15]} 16. Be3 {[%emt 0:01:26]} Be7 {[%emt 0:01:17]} 17. Nd2 {[%emt 0:01:35]} Qa6 {[%emt 0:02:48]} 18. Bf2 {[%emt 0:01:57]} Kf7 {[%emt 0:00:59]} 19. b3 {[%emt 0:02:40]} b6 {[%emt 0:01:55]} 20. c4 {[%emt 0:04:00]} Qb7 {[%emt 0:00:20]} 21. Rac1 {[%emt 0:02:14]} a5 {[%emt 0:02:13]} 22. Qf3 {[%emt 0:03:52]} Rac8 {[%emt 0:01:22]} 23. Rc2 {[%emt 0:01:21]} Rc7 {[%emt 0:01:08]} 24. Rfc1 {[%emt 0:00:50]} Rhc8 {[%emt 0:00:21]} 25. Qe2 {[%emt 0:03:13]} Qb8 {[%emt 0:01:28]} 26. Nf3 {[%emt 0:00:43]} Qb7 {[%emt 0:03:11]} 27. h3 {[%emt 0:01:56]} b5 {[%emt 0:01:07]} 28. Qd2 {[%emt 0:09:01]} b4 {[%emt 0:00:32]} 29. Qe1 {[%emt 0:00:40]} c5 {[%emt 0:00:57]} 30. dxc5 {[%emt 0:10:00]} Nxc5 {[%emt 0:00:16]} 31. Nxc5 {[%emt 0:01:02]} Bxc5 {[%emt 0:00:02]} 32. Kh2 {[%emt 0:00:41]} Bxf2 {[%emt 0:00:18]} 33. Qxf2 {[%emt 0:00:04]} dxc4 {[%emt 0:00:25]} 34. bxc4 {[%emt 0:00:06]} Qa7 {[%emt 0:01:16]} 35. c5 {[%emt 0:00:30]} Rc6 {[%emt 0:00:35]} 36. Nd4 {[%emt 0:00:35]} Rxc5 {[%emt 0:00:32]} 37. Rxc5 {[%emt 0:00:10]} Rxc5 {[%emt 0:00:03]} 38. Nc6 {[%emt 0:01:53]} 1-0

[Event "23rd Hoogeveen Open 2019"]
[Site "Hoogeveen"]
[Date "2019.10.19"]
[Round "9"]
[White "Beerdsen, Thomas"]
[Black "Elgersma, Simon"]
[Result "1-0"]
[WhiteElo "2472"]
[BlackElo "2111"]
[Annotator "ChessBase"]
[PlyCount "51"]
[EventDate "2019.10.19"]
[EventType "swiss"]
[EventCountry "NED"]
[SourceTitle "playchess.com"]
[Source "ChessBase"]
[SourceQuality "1"]
[TimeControl "40/5400+30:1800+30"]

1. d4 {[%emt 0:00:00]} d5 {[%emt 0:00:32]} 2. c4 {[%emt 0:00:34]} e6 {[%emt 0:00:07]} 3. Nc3 {[%emt 0:01:18]} a6 {[%emt 0:00:48]} 4. cxd5 {[%emt 0:01:55]} exd5 {[%emt 0:00:11]} 5. Bf4 {[%emt 0:01:48]} Nf6 {[%emt 0:00:09]} 6. e3 {[%emt 0:00:18]} Bd6 {[%emt 0:00:09]} 7. Bxd6 {[%emt 0:01:16]} Qxd6 {[%emt 0:00:27]} 8. Bd3 {[%emt 0:00:29]} O-O {[%emt 0:03:45]} 9. Nge2 {[%emt 0:03:10]} Re8 {[%emt 0:04:07]} 10. Rc1 {[%emt 0:06:50]} b6 {[%emt 0:07:08]} 11. h3 {[%emt 0:04:22]} Bb7 {[%emt 0:03:55]} 12. O-O {[%emt 0:01:22]} Nbd7 {[%emt 0:00:47]} 13. Ng3 {[%emt 0:04:04]} g6 {[%emt 0:04:41]} 14. Qf3 {[%emt 0:05:43]} c5 {[%emt 0:07:56]} 15. Nge2 {[%emt 0:10:45]} Kg7 {[%emt 0:09:07]} 16. Rfd1 {[%emt 0:01:20]} Rad8 {[%emt 0:06:11]} 17. b3 {[%emt 0:08:38]} Nf8 {[%emt 0:14:37]} 18. dxc5 {[%emt 0:10:59]} bxc5 {[%emt 0:02:10]} 19. Qf4 {[%emt 0:02:37]} Re5 {[%emt 0:06:37]} 20. Na4 {[%emt 0:13:32]} Ne6 {[%emt 0:02:45]} 21. Qh2 {[%emt 0:01:57]} d4 {[%emt 0:04:17]} 22. Bc4 {[%emt 0:03:32]} Qc6 {[%emt 0:10:36]} 23. Bxe6 {[%emt 0:02:05]} fxe6 {[%emt 0:02:19]} 24. Nxd4 {[%emt 0:03:39]} Red5 {[%emt 0:06:13]} 25. Nxc5 {[%emt 0:00:58]} Kf7 {[%emt 0:01:14]} 26. Nxb7 {[%emt 0:00:06]} 1-0

[Event "23rd Hoogeveen Open 2019"]
[Site "Hoogeveen"]
[Date "2019.10.19"]
[Round "9"]
[White "Romanishin, Oleg M"]
[Black "Otten, Martijn"]
[Result "1-0"]
[WhiteElo "2441"]
[BlackElo "2101"]
[Annotator "ChessBase"]
[PlyCount "57"]
[EventDate "2019.10.19"]
[EventType "swiss"]
[EventCountry "NED"]
[SourceTitle "playchess.com"]
[Source "ChessBase"]
[SourceQuality "1"]
[TimeControl "40/5400+30:1800+30"]

1. d4 {[%emt 0:00:00]} d5 {[%emt 0:00:00]} 2. Nf3 {[%emt 0:00:00]} Nf6 {[%emt 0:00:00]} 3. c4 {[%emt 0:00:00]} c6 {[%emt 0:00:00]} 4. Nc3 {[%emt 0:03:17]} dxc4 {[%emt 0:00:04]} 5. e3 {[%emt 0:10:02]} b5 {[%emt 0:00:12]} 6. a4 {[%emt 0:00:04]} b4 {[%emt 0:00:03]} 7. Ne2 {[%emt 0:00:04]} e6 {[%emt 0:00:06]} 8. Nf4 {[%emt 0:01:08]} Ba6 {[%emt 0:01:39]} 9. Ne5 {[%emt 0:00:17]} c5 {[%emt 0:01:57]} 10. Bxc4 {[%emt 0:20:35]} Bxc4 {[%emt 0:03:17]} 11. Nxc4 {[%emt 0:00:07]} Nbd7 {[%emt 0:01:33]} 12. O-O {[%emt 0:03:44]} Qc7 {[%emt 0:06:52]} 13. Bd2 {[%emt 0:12:08]} Rd8 {[%emt 0:12:20]} 14. Rc1 {[%emt 0:07:47]} Be7 {[%emt 0:04:44]} 15. Qe2 {[%emt 0:05:52]} Qb8 {[%emt 0:23:58]} 16. e4 {[%emt 0:05:30]} cxd4 {[%emt 0:11:40]} 17. e5 {[%emt 0:01:15]} d3 {[%emt 0:00:11]} 18. Nxd3 {[%emt 0:00:55]} Nd5 {[%emt 0:00:21]} 19. Na5 {[%emt 0:00:24]} Qb6 {[%emt 0:04:43]} 20. Nc6 {[%emt 0:00:10]} Ra8 {[%emt 0:02:55]} 21. Nxe7 {[%emt 0:05:43]} Kxe7 {[%emt 0:00:09]} 22. Qg4 {[%emt 0:00:10]} Rag8 {[%emt 0:05:01]} 23. Nxb4 {[%emt 0:01:09]} Nc7 {[%emt 0:05:14]} 24. Nc6+ {[%emt 0:04:47]} Ke8 {[%emt 0:00:08]} 25. Ba5 {[%emt 0:00:38]} Qb7 {[%emt 0:01:29]} 26. Qb4 {[%emt 0:02:00]} Qxb4 {[%emt 0:01:02]} 27. Nxb4 {[%emt 0:00:08]} Nd5 {[%emt 0:00:59]} 28. Rc8+ {[%emt 0:00:07]} Ke7 {[%emt 0:00:01]} 29. Nc6# {[%emt 0:00:08]} 1-0

[Event "23rd Hoogeveen Open 2019"]
[Site "Hoogeveen"]
[Date "2019.10.19"]
[Round "9"]
[White "Zwirs, Nico"]
[Black "Taams, Sander"]
[Result "1-0"]
[WhiteElo "2421"]
[BlackElo "2094"]
[Annotator "ChessBase"]
[PlyCount "83"]
[EventDate "2019.10.19"]
[EventType "swiss"]
[EventCountry "NED"]
[SourceTitle "playchess.com"]
[Source "ChessBase"]
[SourceQuality "1"]
[TimeControl "40/5400+30:1800+30"]

1. e4 {[%emt 0:00:00]} c5 {[%emt 0:00:00]} 2. Nf3 {[%emt 0:00:00]} d6 {[%emt 0:00:00]} 3. d4 {[%emt 0:00:28]} cxd4 {[%emt 0:00:00]} 4. Nxd4 {[%emt 0:00:05]} Nf6 {[%emt 0:00:00]} 5. Nc3 {[%emt 0:00:18]} a6 {[%emt 0:00:00]} 6. Bd3 {[%emt 0:00:35]} e5 {[%emt 0:04:32]} 7. Nde2 {[%emt 0:00:13]} Be6 {[%emt 0:06:50]} 8. f4 {[%emt 0:12:10]} Qb6 {[%emt 0:14:46]} 9. h3 {[%emt 0:03:43]} Nc6 {[%emt 0:15:44]} 10. f5 {[%emt 0:04:45]} Bd7 {[%emt 0:00:21]} 11. Bg5 {[%emt 0:02:32]} Ne7 {[%emt 0:06:25]} 12. Qd2 {[%emt 0:04:48]} d5 {[%emt 0:04:17]} 13. exd5 {[%emt 0:07:13]} Nexd5 {[%emt 0:15:53]} 14. Nxd5 {[%emt 0:03:22]} Nxd5 {[%emt 0:00:05]} 15. Bc4 {[%emt 0:01:00]} Nf6 {[%emt 0:12:52]} 16. O-O-O {[%emt 0:05:56]} Bc5 {[%emt 0:06:14]} 17. Qc3 {[%emt 0:06:15]} O-O-O {[%emt 0:02:03]} 18. Bxf7 {[%emt 0:07:03]} Kb8 {[%emt 0:06:26]} 19. Qxe5+ {[%emt 0:01:07]} Ka8 {[%emt 0:00:01]} 20. Nd4 {[%emt 0:19:50]} Rc8 {[%emt 0:02:34]} 21. Bb3 {[%emt 0:11:36]} Bxd4 {[%emt 0:00:48]} 22. Qxd4 {[%emt 0:00:17]} Qxd4 {[%emt 0:00:22]} 23. Rxd4 {[%emt 0:00:01]} Bxf5 {[%emt 0:00:09]} 24. Bxf6 {[%emt 0:00:23]} gxf6 {[%emt 0:00:15]} 25. Rf1 {[%emt 0:00:06]} Bg6 {[%emt 0:01:18]} 26. Rxf6 {[%emt 0:00:08]} Rhe8 {[%emt 0:00:01]} 27. Rf2 {[%emt 0:00:29]} Re1+ {[%emt 0:00:32]} 28. Rd1 {[%emt 0:00:08]} Re5 {[%emt 0:00:29]} 29. c3 {[%emt 0:00:34]} Ka7 {[%emt 0:00:50]} 30. Bc2 {[%emt 0:00:17]} Rce8 {[%emt 0:00:39]} 31. Bxg6 {[%emt 0:00:33]} hxg6 {[%emt 0:00:04]} 32. Rd7 {[%emt 0:00:09]} g5 {[%emt 0:00:51]} 33. Rff7 {[%emt 0:01:20]} Kb6 {[%emt 0:00:36]} 34. Rxb7+ {[%emt 0:00:09]} Ka5 {[%emt 0:00:07]} 35. Kc2 {[%emt 0:01:23]} Ka4 {[%emt 0:00:52]} 36. Rb4+ {[%emt 0:00:13]} Ka5 {[%emt 0:00:04]} 37. Kb3 {[%emt 0:00:31]} Rd8 {[%emt 0:00:53]} 38. Rfb7 {[%emt 0:00:28]} Rb5 {[%emt 0:00:29]} 39. Ka3 {[%emt 0:00:06]} Rxb7 {[%emt 0:00:29]} 40. Rxb7 {[%emt 0:00:06]} Rd4 {[%emt 0:00:19]} 41. b4+ {[%emt 0:30:11]} Rxb4 {[%emt 0:30:06]} 42. cxb4# {[%emt 0:00:01]} 1-0

[Event "23rd Hoogeveen Open 2019"]
[Site "Hoogeveen"]
[Date "2019.10.19"]
[Round "9"]
[White "Seul, Georg"]
[Black "Van Dorp, Folke"]
[Result "1-0"]
[WhiteElo "2411"]
[BlackElo "2086"]
[Annotator "ChessBase"]
[PlyCount "151"]
[EventDate "2019.10.19"]
[EventType "swiss"]
[EventCountry "NED"]
[SourceTitle "playchess.com"]
[Source "ChessBase"]
[SourceQuality "1"]
[TimeControl "40/5400+30:1800+30"]

1. e4 {[%emt 0:00:00]} c5 {[%emt 0:00:00]} 2. Nf3 {[%emt 0:00:00]} d6 {[%emt 0:00:00]} 3. Bc4 {[%emt 0:00:10]} e6 {[%emt 0:00:11]} 4. O-O {[%emt 0:00:15]} Nf6 {[%emt 0:01:26]} 5. Re1 {[%emt 0:00:11]} Be7 {[%emt 0:01:37]} 6. Bb3 {[%emt 0:00:12]} a6 {[%emt 0:02:37]} 7. c3 {[%emt 0:00:22]} b5 {[%emt 0:03:20]} 8. d4 {[%emt 0:01:23]} Bb7 {[%emt 0:02:09]} 9. Nbd2 {[%emt 0:02:15]} Nbd7 {[%emt 0:05:04]} 10. Bc2 {[%emt 0:01:50]} cxd4 {[%emt 0:08:08]} 11. cxd4 {[%emt 0:00:18]} O-O {[%emt 0:00:58]} 12. Nf1 {[%emt 0:02:47]} Re8 {[%emt 0:09:32]} 13. Ng3 {[%emt 0:02:46]} Nf8 {[%emt 0:03:02]} 14. Bd3 {[%emt 0:05:45]} Ng6 {[%emt 0:07:12]} 15. Bd2 {[%emt 0:12:34]} Qd7 {[%emt 0:09:51]} 16. Qb3 {[%emt 0:13:13]} Bc6 {[%emt 0:08:24]} 17. Rad1 {[%emt 0:03:48]} Qb7 {[%emt 0:03:32]} 18. Qc2 {[%emt 0:09:18]} Rac8 {[%emt 0:01:33]} 19. Qb1 {[%emt 0:00:09]} Red8 {[%emt 0:00:34]} 20. Bg5 {[%emt 0:04:51]} Nf8 {[%emt 0:09:40]} 21. Rc1 {[%emt 0:12:45]} h6 {[%emt 0:02:50]} 22. Bd2 {[%emt 0:00:36]} Qd7 {[%emt 0:03:10]} 23. Rc2 {[%emt 0:07:09]} Ba8 {[%emt 0:01:23]} 24. Rxc8 {[%emt 0:00:22]} Rxc8 {[%emt 0:00:55]} 25. Qd1 {[%emt 0:00:11]} Qb7 {[%emt 0:01:16]} 26. Qe2 {[%emt 0:00:22]} N6h7 {[%emt 0:04:16]} 27. a4 {[%emt 0:02:23]} Rb8 {[%emt 0:01:01]} 28. axb5 {[%emt 0:00:06]} axb5 {[%emt 0:00:19]} 29. Ra1 {[%emt 0:00:48]} Qd7 {[%emt 0:00:31]} 30. b4 {[%emt 0:02:34]} Bc6 {[%emt 0:00:57]} 31. h3 {[%emt 0:00:44]} Qb7 {[%emt 0:01:24]} 32. Ra5 {[%emt 0:03:25]} Bd7 {[%emt 0:01:23]} 33. Qf1 {[%emt 0:02:10]} Nf6 {[%emt 0:01:26]} 34. Qa1 {[%emt 0:00:47]} Bd8 {[%emt 0:01:40]} 35. Ra7 {[%emt 0:01:01]} Qc8 {[%emt 0:00:06]} 36. Ra6 {[%emt 0:05:16]} Bb6 {[%emt 0:00:50]} 37. Ra3 {[%emt 0:00:58]} Qb7 {[%emt 0:01:11]} 38. Bf4 {[%emt 0:00:40]} Ne8 {[%emt 0:00:56]} 39. Nh5 {[%emt 0:02:26]} Ng6 {[%emt 0:02:04]} 40. Bd2 {[%emt 0:00:34]} Bc6 {[%emt 0:00:40]} 41. Qb1 {[%emt 0:19:19]} Bd8 {[%emt 0:05:06]} 42. Qe1 {[%emt 0:06:08]} Ra8 {[%emt 0:04:10]} 43. Rxa8 {[%emt 0:00:18]} Qxa8 {[%emt 0:00:06]} 44. d5 {[%emt 0:00:52]} exd5 {[%emt 0:01:39]} 45. exd5 {[%emt 0:00:04]} Bd7 {[%emt 0:00:16]} 46. Bf5 {[%emt 0:01:17]} Qb7 {[%emt 0:05:59]} 47. Bc3 {[%emt 0:00:39]} Ne7 {[%emt 0:01:10]} 48. Bxd7 {[%emt 0:01:37]} Qxd7 {[%emt 0:00:06]} 49. Bxg7 {[%emt 0:00:30]} Qf5 {[%emt 0:04:51]} 50. Ng3 {[%emt 0:00:08]} Qg6 {[%emt 0:00:17]} 51. Bb2 {[%emt 0:01:56]} Ng7 {[%emt 0:05:13]} 52. Bxg7 {[%emt 0:01:55]} Qxg7 {[%emt 0:01:12]} 53. Qe4 {[%emt 0:00:15]} Qg6 {[%emt 0:02:42]} 54. Nd4 {[%emt 0:00:41]} Qxe4 {[%emt 0:02:14]} 55. Nxe4 {[%emt 0:00:04]} Nxd5 {[%emt 0:00:20]} 56. Nxb5 {[%emt 0:00:19]} Nxb4 {[%emt 0:00:10]} 57. Nbxd6 {[%emt 0:00:09]} Kg7 {[%emt 0:01:52]} 58. g4 {[%emt 0:01:33]} Nd5 {[%emt 0:00:39]} 59. Kg2 {[%emt 0:00:45]} Bc7 {[%emt 0:00:33]} 60. h4 {[%emt 0:00:56]} Bxd6 {[%emt 0:01:58]} 61. Nxd6 {[%emt 0:00:05]} Ne7 {[%emt 0:00:25]} 62. Kf3 {[%emt 0:00:36]} Ng8 {[%emt 0:01:58]} 63. Kf4 {[%emt 0:00:57]} Kf6 {[%emt 0:00:07]} 64. Nf5 {[%emt 0:00:10]} Kg6 {[%emt 0:00:20]} 65. h5+ {[%emt 0:00:18]} Kh7 {[%emt 0:00:39]} 66. g5 {[%emt 0:00:53]} hxg5+ {[%emt 0:00:12]} 67. Kxg5 {[%emt 0:00:03]} Kh8 {[%emt 0:00:42]} 68. Nh6 {[%emt 0:00:44]} f6+ {[%emt 0:01:16]} 69. Kg6 {[%emt 0:00:06]} Ne7+ {[%emt 0:00:28]} 70. Kxf6 {[%emt 0:00:04]} Nd5+ {[%emt 0:00:21]} 71. Kg5 {[%emt 0:00:30]} Kh7 {[%emt 0:00:16]} 72. Ng4 {[%emt 0:00:09]} Ne7 {[%emt 0:00:15]} 73. f4 {[%emt 0:00:24]} Kh8 {[%emt 0:00:25]} 74. f5 {[%emt 0:00:57]} Ng8 {[%emt 0:00:35]} 75. h6 {[%emt 0:00:27]} Nf6 {[%emt 0:00:16]} 76. Kxf6 {[%emt 0:00:07]} 1-0